2024 Presidential Election Click Quiz - Statistics

General Stats
  • This quiz has been taken 248 times
  • The average score is 45 of 51
Answer Stats
Hint Answer % Correct
Alabama 2. Donald Trump
97%
Arkansas 2. Donald Trump
97%
California 1. Kamala Harris
96%
Alaska 2. Donald Trump
96%
Delaware 1. Kamala Harris
94%
District of Columbia 1. Kamala Harris
94%
Arizona 2. Donald Trump
94%
Florida 2. Donald Trump
94%
Georgia 2. Donald Trump
94%
Connecitcut 1. Kamala Harris
93%
Kansas 2. Donald Trump
93%
Kentucky 2. Donald Trump
93%
Idaho 2. Donald Trump
92%
Iowa 2. Donald Trump
92%
Louisiana 2. Donald Trump
92%
Nebraska 2. Donald Trump
92%
Missouri 2. Donald Trump
91%
North Dakota 2. Donald Trump
91%
Oklahoma 2. Donald Trump
91%
South Dakota 2. Donald Trump
91%
Texas 2. Donald Trump
91%
Massachusetts 1. Kamala Harris
90%
Mississippi 2. Donald Trump
90%
Montana 2. Donald Trump
90%
Tennessee 2. Donald Trump
90%
North Carolina 2. Donald Trump
89%
South Carolina 2. Donald Trump
89%
Colorado 1. Kamala Harris
88%
Hawaii 1. Kamala Harris
88%
Indiana 2. Donald Trump
88%
Utah 2. Donald Trump
88%
Maryland 1. Kamala Harris
87%
New Jersey 1. Kamala Harris
87%
New York 1. Kamala Harris
87%
Ohio 2. Donald Trump
87%
West Virginia 2. Donald Trump
86%
Wyoming 2. Donald Trump
86%
Maine 1. Kamala Harris
84%
Rhode Island 1. Kamala Harris
84%
Nevada 2. Donald Trump
84%
Illinois 1. Kamala Harris
83%
Minnesota 1. Kamala Harris
83%
New Hampshire 1. Kamala Harris
83%
Vermont 1. Kamala Harris
83%
Pennsylvania 2. Donald Trump
83%
Wisconsin 2. Donald Trump
83%
Washington 1. Kamala Harris
82%
Michigan 2. Donald Trump
79%
Oregon 1. Kamala Harris
77%
New Mexico 1. Kamala Harris
76%
Virginia 1. Kamala Harris
71%
No matching quizzes found
Score Distribution
Percent of People with Each Score
Percentile by Number Answered
Your Score History
You have not taken this quiz